00509 2200205 4500001002100000005001500021008004100036020001800077035001900095041000700114082001000121090001600131100001300147700001600160245004200176260003700218300002600255500001200281650001000293INLIS00000000000419120241224112850241224||||||||| | ||| |||| || |  a979-514-034-5 0010-1224004191 aid0 a651.6 a651.6 SOE s0 aSoedjito0 aSolichin TW00aSurat Menyurat Resmi Bahasa Indonesia aBandungbRemaja Rosdakaryac2013 aviii, 126 hlm.; 21 cm aCet. 14 0aSurat